Nem pato, nem cisne (Registo nº 1375)

Detalhes MARC
000 -Etiqueta do registo
Cabeçalho 00741nam0a2200265 4500
005 - Identificador da versão
Campo de controlo 20240813121834.0
010 ## - Número internacional normalizado dos livros (ISBN)
Número (ISBN) 9789722115407
021 ## - Número do Depósito Legal
Código do país PT
Número 271022/08
100 ## - Dados gerais de processamento
Dados gerais de processamento 20151030d2008 em y0pory5003 ba
102 ## - Pais de publicação ou produção
País de publicação Portugal
101 0# - Língua de publicação
Língua do texto, banda sonora, etc. Português
215 ## - Descrição física 
Indicação específica da natureza do documento e extensão da espécie 111 p
200 1# - Titulo e menção de responsabilidade
Título próprio Nem pato, nem cisne
Primeira menção de responsabilidade Ana Saldanha
225 2# - Colecção 
Título próprio da colecção Era uma vez... outra vez
Indicação de volume 3
205 ## - Menção da edição
Menção da edição 2ª ed.
210 ## - Publicação, Distribuição, etc. 
Lugar da edição, distribuição, etc. Lisboa
Nome do editor, distribuidor, etc. Caminho
Data da publicação, distribuição, etc. D. L. 2008
300 ## - Notas gerais 
Texto da nota Plano Nacional de Leitura
606 ## - Nome comum usado como assunto
Número de registo de entrada de autoridade 0002112
Palavra de ordem Literatura portuguesa
Subdivisão de assunto Romances de aventuras
Código do sistema CA
675 ## - Classificação Decimal Universal (CDU)
Notação 821.134.3-311.3
Edição 3ª ed.
Língua da edição por
700 #1 - Nome de autor-pessoa física (responsabilidade principal)
Número de registo de entrada de autoridade 0001040
Palavra de ordem Saldanha
Outra parte do nome não tomada para palavra de ordem Ana
Datas 1959-
966 ## - Identificação da Biblioteca
Sigla EB2,3ENM
942 ## - Elementos de entrada adicionados (Koha)
Tipo de item no Koha Livro
Exemplares
Situação do levantamento Origin of item (home branch) (coded) Biblioteca de empréstimo Código de barras Cota Circulation type (not for loan) Tipo de documento Nota do exemplar Damaged status
  Biblioteca Escolar Eng. Nuno Mergulhão Biblioteca Escolar Eng. Nuno Mergulhão BENM3274 82LP-3 SAL PNL   Livro Sem mensagem